[Event "Gatineau Maisonneuve Memorial"]
[Site "Gatineau"]
[Date "2009.10.27"]
[Round "3"]
[White "Charland, Roger"]
[Black "Guimond, Michel"]
[Result "1/2-1/2"]
[WhiteElo "1512"]
[BlackElo "1960"]
[PlyCount "95"]
[EventDate "2009.10.13"]
[EventType "swiss"]
[EventRounds "5"]
[EventCountry "CAN"]
[SourceTitle "EXT 2011"]
[Source "ChessBase"]
[SourceDate "2010.11.26"]
[SourceVersion "1"]
[SourceVersionDate "2010.11.26"]
[SourceQuality "1"]

1. e4 e6 2. Nf3 d5 3. exd5 exd5 4. d4 Bd6 5. Nc3 c6 6. Bd3 Qc7 7. Qe2+ Ne7 8. Ne5 Bxe5 9. dxe5 Be6 10. f4 g6 11. 0-0 h5 12. Nd1 Nd7 13. Ne3 c5 14. f5 gxf5 15. Nxf5 Nxf5 16. Bxf5 0-0-0 17. Bg5 Rde8 18. Rae1 c4 19. Bf6 Nxf6 20. exf6 Qb6+ 21. Qf2 Qxf2+ 22. Rxf2 Kd7 23. Rd1 Kc6 24. b3 b5 25. Kf1 Rh6 26. Bxe6 Rxe6 27. Rf5 Rd6 28. Kg1 h4 29. Rd4 h3 30. g3 Rdxf6 31. Rdf4 Rxf5 32. Rxf5 a6 33. Rf3 d4 34. Kf2 Kc5 35. Ke2 Re6+ 36. Kd2 c3+ 37. Kd3 Re5 38. g4 Rg5 39. Rf4 b4 40. Rxd4 f5 41. gxf5 Rxf5 42. Rc4+ Kb5 43. Rh4 Rf2 44. Rh5+ Kb6 45. Rxh3 a5 46. Rh6+ Kb5 47. Rh5+ Kb6 48. Rh6+ 1/2-1/2

[Event "Gatineau Hull CC 28 Ann-B"]
[Site "Gatineau"]
[Date "2007.09.11"]
[Round "1"]
[White "Charland, Roger"]
[Black "Aubut, Pascal"]
[Result "1-0"]
[WhiteElo "1522"]
[BlackElo "1025"]
[PlyCount "31"]
[EventDate "2007.09.11"]
[EventType "swiss"]
[EventRounds "5"]
[EventCountry "CAN"]
[SourceTitle "EXT 2022"]
[Source "ChessBase"]
[SourceDate "2021.10.06"]
[SourceVersion "1"]
[SourceVersionDate "2021.10.06"]
[SourceQuality "1"]

1. e4 d5 2. exd5 Qxd5 3. Nc3 Qd8 4. Nf3 g6 5. Bc4 Bg7 6. Ng5 e6 7. d3 Ne7 8. Qf3 Nf5 9. g4 0-0 10. gxf5 gxf5 11. Qh3 h6 12. Nf3 Nd7 13. Rg1 Qf6 14. Bxh6 Qxh6 15. Qxh6 Nf6 16. Qxg7# 1-0